| 000 | 02078cam a2200301Mu 4500 | ||
|---|---|---|---|
| 001 | 102226 | ||
| 005 | 20230410120845.0 | ||
| 008 | 090901s2009 it 000 0 ita d | ||
| 035 | _a(OCoLC)ocn695707205 | ||
| 040 |
_aSzZUIDS _bger _cCHVBK |
||
| 020 | _a9788843048946 (brossura) | ||
| 020 | _a8843048945 (brossura) | ||
| 029 | 0 |
_aCHVBK _b146934989 |
|
| 035 | _a(OCoLC)695707205 | ||
| 050 | 1 | 4 | _aJ44m 2009 |
| 100 | 1 | _aJedlowski, Paolo. | |
| 245 | 1 | 3 |
_aIl mondo in questione : _bintroduzione alla storia del pensiero sociologico / _cPaolo Jedlowski. |
| 250 | _aNuova ed. | ||
| 260 |
_aRoma : _bCarocci, _c2009. |
||
| 300 | _a343 p. | ||
| 490 | 0 |
_aFrecce ; _v80 |
|
| 504 | _ap. 331-343. | ||
| 520 | _aLa storia della sociologia, nella ricchezza dei suoi discorsi e nella varietáa delle sue pratiche, non áe unificata tanto da un oggetto o da un metodo determinati quanto da uno specifico tipo di curiositáa scientifica: una curiositáa per la vita sociale che ne mette in questione le forme rinunciando programmaticamente a considerarle scontate. Rispettando la complessitáa della storia della sociologia, il libro ne offre una ricostruzione puntuale e documentata, che in questa edizione áe stata aggiornata e arricchita da due nuovi capitoli sulla sociologia piáu recente. Una particolare attenzione ai rapporti tra la sociologia e le altre scienze sociali e la consapevolezza degli esiti piáu recenti della ricerca storiografica rendono l'esposizione originale in piáu punti, permettendo la rivalutazione di autori a volte sottostimati e inserendo problematiche non considerate dalla manualistica corrente. Agli studenti dei primi anni di universitáa il libro si presenta come uno strumento rigoroso e una guida, ma per la sua chiarezza e per l'ampiezza dell'orizzonte proposto si offre come una lettura per tutti coloro che siano interessati a scoprire quanto la sociologia ha da dire sul mondo moderno e contemporaneo. | ||
| 653 | _aSociologia e antropologia. Storia, geografia, persone | ||
| 942 |
_2lcc _cbk |
||
| 946 | _aFHM | ||
| 994 |
_aC0 _bDRFGD |
||
| 999 |
_c53253 _d53253 |
||